Catalog

Record Details

Catalog Search



Tajemství peněz a bohatství : 365 citátů k zamyšlení  Cover Image Book Book

Tajemství peněz a bohatství : 365 citátů k zamyšlení / Wilhelm Mühs (ed.) ; [z italského originálu ... přeložil Zdeněk Kolář]

Record details

  • ISBN: 80-7367-170-0
  • Physical Description: 135 s. ; 16 cm
  • Edition: Vyd. 1.
  • Publisher: Praha : Portál, 2006

Content descriptions

Bibliography, etc. Note:
Obsahuje bibliografii, bibliografické odkazy a rejstřík
Subject: peníze > etické a morální aspekty
bohatství > etické a morální aspekty
money > ethical and moral aspects
wealth > ethical and moral aspects
Genre: aforismy
citáty
aphorisms
quotations

Available copies

  • 1 of 1 copy available at Common Catalog SPOK.

Holds

  • 0 current holds with 1 total copy.
Show Only Available Copies
Location Call Number / Copy Notes Barcode Shelving Location Status Due Date
Jabok Library ET-9.3/M 424480021019 Odborná literatura Available -

Electronic resources

Version of Resource: Digitalizovaný dokument


LDR 01600nam a2200433 a 4500
00113038
003CZ-PrJAB
00520190902072634.0
007ta
008061106s2006 xr e 001 0 cze
015 . ‡acnb001689073
020 . ‡a80-7367-170-0 ‡q(váz.) : ‡cKč 149,00
035 . ‡a(CZ PrNK)nkc20061689073
035 . ‡a(OCoLC)124088694
040 . ‡aABA001 ‡bcze ‡dBOA001
0411 . ‡acze ‡hita
072 7. ‡a17 ‡xEtika. Morální filozofie ‡2Konspekt ‡95
080 . ‡a336.74 ‡2MRF
080 . ‡a364.668 ‡2MRF
080 . ‡a17 ‡2MRF
080 . ‡a(0:82-84) ‡2MRF
24500. ‡aTajemství peněz a bohatství : ‡b365 citátů k zamyšlení / ‡cWilhelm Mühs (ed.) ; [z italského originálu ... přeložil Zdeněk Kolář]
250 . ‡aVyd. 1.
260 . ‡aPraha : ‡bPortál, ‡c2006
300 . ‡a135 s. ; ‡c16 cm
504 . ‡aObsahuje bibliografii, bibliografické odkazy a rejstřík
65007. ‡apeníze ‡7ph115711 ‡xetické a morální aspekty ‡2czenas
65007. ‡abohatství ‡7ph118947 ‡xetické a morální aspekty ‡2czenas
65009. ‡amoney ‡xethical and moral aspects ‡2eczenas
65009. ‡awealth ‡xethical and moral aspects ‡2eczenas
655 7. ‡aaforismy ‡7fd131784 ‡2czenas
655 7. ‡acitáty ‡7fd131832 ‡2czenas
655 9. ‡aaphorisms ‡2eczenas
655 9. ‡aquotations ‡2eczenas
7001 . ‡aMühs, Wilhelm, ‡d1934-2002 ‡7ola2003204952 ‡4edt
7650 . ‡tSegreti della ricchezza ‡9Česky
85641. ‡uhttp://krameriusndk.nkp.cz/search/handle/uuid:08279eb0-8675-11e8-87bd-005056827e52 ‡yDigitalizovaný dokument
910 . ‡aABG312
995 . ‡aska
901 . ‡a13038 ‡bCZ PrNK ‡c13038 ‡tbiblio

Additional Resources